Statistics for Flags With Birds on Them

Click here to take the quiz!

General Stats

  • This quiz has been taken 15 times
  • The average score is 13 of 15

Answer Stats

Answer% Correct
Mexico
100%
Kazakhstan
100%
Albania
100%
Serbia
91%
Papua New Guinea
91%
Zambia
91%
Montenegro
91%
Kiribati
91%
Moldova
82%
Egypt
82%
Ecuador
82%
Zimbabwe
82%
Dominica
82%
Uganda
73%
Guatemala
73%

Score Distribution

Percentile by Number Answered

Percent of People with Each Score

Your Score History

You have not taken this quiz